[Event "IECC CL6-2009.23 email"]
[Site "IECC email"]
[Date "2009.09.22"]
[Round "?"]
[White "Boyer, Mark"]
[Black "Frans, Alexander Ernest"]
[Result "0-1"]
[WhiteElo "1242"]
[BlackElo "1247"]
[PlyCount "52"]
[EventDate "2009.??.??"]
[EventType "tourn (corr)"]
[EventRounds "4"]
[SourceTitle "Telechess CBM 137"]
[Source "ChessBase"]
[SourceDate "2010.07.15"]
[SourceVersion "1"]
[SourceVersionDate "2010.07.15"]
[SourceQuality "1"]
[WhiteTeam "US of America"]
[BlackTeam "South Africa"]
[WhiteTeamCountry "USA"]
[BlackTeamCountry "RSA"]

1. e4 c5 2. d3 Nc6 3. Nf3 g6 4. Be2 Bg7 5. 0-0 d6 6. Nc3 Nf6 7. Ng5 0-0 8. Nb5 a6 9. Nc3 b5 10. Bf3 e5 11. Nd5 Nd4 12. c3 Ne6 13. Bg4 Nxg5 14. Qb3 Nxg4 15. f3 Nh6 16. Qc2 Ne6 17. Bxh6 Bxh6 18. Qf2 Nf4 19. g3 Nh3+ 20. Kg2 Nxf2 21. Rxf2 f5 22. f4 exf4 23. gxf4 Bb7 24. Re1 Bxd5 25. exd5 Qh4 26. Rfe2 Bxf4 0-1

[Event "IECC CL6-2009.15 email"]
[Site "IECC email"]
[Date "2009.07.24"]
[Round "?"]
[White "Frans, Alexander Ernest"]
[Black "D'Aragona, Vittoria"]
[Result "0-1"]
[WhiteElo "1234"]
[BlackElo "1384"]
[PlyCount "52"]
[EventDate "2009.??.??"]
[EventType "tourn (corr)"]
[EventRounds "4"]
[SourceTitle "Corr 2011"]
[Source "ChessBase"]
[SourceDate "2010.08.31"]
[SourceVersion "1"]
[SourceVersionDate "2010.08.31"]
[SourceQuality "1"]
[WhiteTeam "South Africa"]
[BlackTeam "Italy"]
[WhiteTeamCountry "RSA"]
[BlackTeamCountry "ITA"]

1. d4 e6 2. c4 Nf6 3. Nc3 d5 4. Bg5 Be7 5. e3 0-0 6. Nf3 Nc6 7. c5 h6 8. Bxf6 Bxf6 9. g3 e5 10. Bg2 exd4 11. Nxd4 Nxd4 12. exd4 Re8+ 13. Ne2 Qe7 14. Kf1 Bg4 15. f3 Bd7 16. a4 b6 17. Qd2 bxc5 18. dxc5 Rab8 19. Nc3 Bc8 20. b4 Rxb4 21. Nxd5 Ba6+ 22. Kf2 Qxc5+ 23. Ne3 Rxe3 24. Qxe3 Rb2+ 25. Ke1 Qxe3+ 26. Kd1 Qd2# 0-1

[Event "IECG CF.2002.0.00019 email"]
[Site "IECG email"]
[Date "2002.02.28"]
[Round "?"]
[White "Woods, Campbell"]
[Black "Frans, Alexander Ernest"]
[Result "0-1"]
[WhiteElo "1000"]
[BlackElo "1029"]
[PlyCount "54"]
[EventDate "2002.02.28"]
[EventType "tourn (corr)"]
[EventRounds "6"]
[SourceTitle "Corr 2008"]
[Source "ChessBase"]
[SourceDate "2008.06.24"]
[SourceVersion "1"]
[SourceVersionDate "2008.06.24"]
[SourceQuality "1"]

1. e4 c6 2. b3 d5 3. Nc3 d4 4. Nd5 cxd5 5. d3 dxe4 6. dxe4 e5 7. Nf3 Bg4 8. Be2 Bb4+ 9. Bd2 Bxd2+ 10. Qxd2 Nc6 11. h3 Be6 12. 0-0 Nge7 13. Ng5 Qd7 14. Nxe6 Qxe6 15. Rfe1 0-0-0 16. Bg4 f5 17. exf5 Nxf5 18. Qf4 Rhf8 19. a4 g6 20. b4 Rde8 21. Re2 exf4 22. Rxe6 Rxe6 23. b5 Nb4 24. Rc1 Na2 25. Ra1 Nc3 26. Kf1 h5 27. Bf3 Nh4 0-1

[Event "IECG TE.2001.P.00702 email"]
[Site "IECG email"]
[Date "2001.05.20"]
[Round "?"]
[White "McDonald, Graham R"]
[Black "Frans, Alexander Ernest"]
[Result "1-0"]
[WhiteElo "1596"]
[BlackElo "800"]
[PlyCount "23"]
[EventDate "2001.05.20"]
[EventType "tourn (corr)"]
[EventRounds "8"]
[SourceTitle "Corr 2008"]
[Source "ChessBase"]
[SourceDate "2008.06.24"]
[SourceVersion "1"]
[SourceVersionDate "2008.06.24"]
[SourceQuality "1"]

1. e4 e5 2. f4 exf4 3. Nf3 g5 4. Bc4 g4 5. 0-0 gxf3 6. Qxf3 Qf6 7. e5 Qxe5 8. Bxf7+ Kxf7 9. d4 Qxd4+ 10. Be3 Qf6 11. Nc3 Ne7 12. Bxf4 1-0